<?xml version="1.0" encoding="UTF-8"?>
<record
    xmlns:xsi="http://www.w3.org/2001/XMLSchema-instance"
    xsi:schemaLocation="http://www.loc.gov/MARC21/slim http://www.loc.gov/standards/marcxml/schema/MARC21slim.xsd"
    xmlns="http://www.loc.gov/MARC21/slim">

  <leader>02363    a2200193   4500</leader>
  <controlfield tag="001">59310</controlfield>
  <controlfield tag="005">20260407155847.0</controlfield>
  <controlfield tag="008">260407a1966    arg                 spa d</controlfield>
  <controlfield tag="003">AR-UNSa-BCEJYS</controlfield>
  <datafield tag="040" ind1=" " ind2=" ">
    <subfield code="a">AR-UNSa-BCEJYS</subfield>
    <subfield code="b">spa</subfield>
    <subfield code="c">AR-UNSa-BCEJYS</subfield>
  </datafield>
  <datafield tag="080" ind1=" " ind2=" ">
    <subfield code="a">338(4)</subfield>
    <subfield code="x">Situaci&#xF3;n econ&#xF3;mica de Europa. Pol&#xED;tica econ&#xF3;mica. Gesti&#xF3;n de la econom&#xED;a. Planificaci&#xF3;n de la econom&#xED;a. Producci&#xF3;n. Servicios. Precios</subfield>
  </datafield>
  <datafield tag="245" ind1="1" ind2="0">
    <subfield code="a">Manual de derecho de las comunidades europeas</subfield>
  </datafield>
  <datafield tag="264" ind1=" " ind2="1">
    <subfield code="a">Buenos Aires :</subfield>
    <subfield code="b">BID/INTAL (Banco Interamericano de Desarrollo. Instituto para la integraci&#xF3;n de Am&#xE9;rica Latina)</subfield>
    <subfield code="c">1966</subfield>
  </datafield>
  <datafield tag="300" ind1=" " ind2=" ">
    <subfield code="a">755 p.</subfield>
    <subfield code="c">23 cm.</subfield>
  </datafield>
  <datafield tag="505" ind1=" " ind2=" ">
    <subfield code="a">Parte I: Elementos y estructuras an&#xE1;logos o comunes a las tres Comunidades: 1. Las instituciones &#x2013; 2. Las fuentes del derecho &#x2013; 3. Los sujetos &#x2013; 4. Las disposiciones financieras &#x2013; Parte II: Estructura y aspectos particulares de la Comunidad Europea del Carb&#xF3;n y del Acero: 1. Los principios fundamentales &#x2013; 2. Las empresas &#x2013; 3. Las Disposiciones transitorias &#x2013; 4. Las inversiones. Las intervenciones financieras y las ayudas &#x2013; 5. Las intervenciones sobre la producci&#xF3;n &#x2013; 6. El r&#xE9;gimen de la competencia &#x2013; 7. Salarios y movimientos de la mano de obra &#x2013; 8. Transportes &#x2013; Parte III: La estructura y los aspectos particulares de la comunidad econ&#xF3;mica europea: 1. Principios fundamentales &#x2013; 2. La libre circulaci&#xF3;n de las mercanc&#xED;as &#x2013; 3. La agricultura &#x2013; 4. La libre circulaci&#xF3;n de las personas y los servicios &#x2013; 5. La libre circulaci&#xF3;n de los capitales &#x2013; 6. Transportes &#x2013; 7. Las reglas de competencia &#x2013; 8. Las disposiciones f&#xED;scales &#x2013; 9. La aproximaci&#xF3;n de las legislaciones &#x2013; 10. La pol&#xED;tica econ&#xF3;mica de la comunidad &#x2013; 11. La pol&#xED;tica social &#x2013; 12. El Banco Europeo de Inversiones &#x2013; 13. Asociaci&#xF3;n de los pa&#xED;ses y territorios de ultramar &#x2013; 14. Los acuerdos de asociaci&#xF3;n con Grecia y Turqu&#xED;a &#x2013; Parte 4: Estructura y aspectos particulares de la comunidad europea de la energ&#xED;a at&#xF3;mica: 1. Objeto de la comunidad &#x2013; 2. Desarrollo de la investigaci&#xF3;n y la difusi&#xF3;n de los conocimientos cient&#xED;ficos y t&#xE9;cnicos &#x2013; 3. La protecci&#xF3;n sanitaria y el control de seguridad &#x2013; 4. La producci&#xF3;n de la energ&#xED;a nuclear &#x2013; 5. El Mercado Com&#xFA;n Nuclear</subfield>
  </datafield>
  <datafield tag="942" ind1=" " ind2=" ">
    <subfield code="c">BK</subfield>
  </datafield>
  <datafield tag="590" ind1=" " ind2=" ">
    <subfield code="a">niveau_biblio:m niveau_hierar:0</subfield>
  </datafield>
  <datafield tag="100" ind1="1" ind2=" ">
    <subfield code="a">Catalano, Nicola</subfield>
  </datafield>
  <datafield tag="999" ind1=" " ind2=" ">
    <subfield code="c">6645</subfield>
    <subfield code="d">6645</subfield>
  </datafield>
  <datafield tag="952" ind1=" " ind2=" ">
    <subfield code="0">0</subfield>
    <subfield code="1">0</subfield>
    <subfield code="4">0</subfield>
    <subfield code="7">0</subfield>
    <subfield code="a">BCEJYS</subfield>
    <subfield code="b">BCEJYS</subfield>
    <subfield code="c">16</subfield>
    <subfield code="d">2026-04-07</subfield>
    <subfield code="l">0</subfield>
    <subfield code="o">338(4) C357</subfield>
    <subfield code="p">L13787</subfield>
    <subfield code="r">2026-04-07 15:58:47</subfield>
    <subfield code="w">2026-04-07</subfield>
    <subfield code="y">L</subfield>
  </datafield>
  <datafield tag="952" ind1=" " ind2=" ">
    <subfield code="0">0</subfield>
    <subfield code="1">0</subfield>
    <subfield code="4">0</subfield>
    <subfield code="7">0</subfield>
    <subfield code="a">BCEJYS</subfield>
    <subfield code="b">BCEJYS</subfield>
    <subfield code="c">16</subfield>
    <subfield code="d">2026-04-07</subfield>
    <subfield code="l">0</subfield>
    <subfield code="o">338(4) C357</subfield>
    <subfield code="p">L65028</subfield>
    <subfield code="r">2026-04-07 15:58:47</subfield>
    <subfield code="w">2026-04-07</subfield>
    <subfield code="y">L</subfield>
  </datafield>
</record>
